Zdaňovanie príjmov z podnikateľskej činnosti v SR v porovnaní s vybranými krajinami EÚ diplomová práca

Na minha lista:
Detalhes bibliográficos
Autor principal: Turanská, Monika
Autor Corporativo: Podnikovohospodárska fakulta EU so sídlom v Košiciach. Katedra finančného riadenia podniku
Outros Autores: Simonidesová, Jana, 1968-
Formato: Livro
Idioma:eslovaco
Publicado em: Košice 2015
Tags: Adicionar Tag
Sem tags, seja o primeiro a adicionar uma tag!

MARC

LEADER 00000nbm a2200000 4500
001 0202128
005 20161212094337.6
041 0 |a slo 
044 |a SK 
245 1 0 |a Zdaňovanie príjmov z podnikateľskej činnosti v SR v porovnaní s vybranými krajinami EÚ  |b diplomová práca  |c Monika Turanská ; školiteľ: Jana Simonidesová 
264 1 |a Košice  |c 2015 
300 |a 78 s. 
100 1 |a Turanská, Monika 
700 1 |a Simonidesová, Jana, 1968- 
710 2 |a Podnikovohospodárska fakulta EU so sídlom v Košiciach. Katedra finančného riadenia podniku